000 00916cam a22002657a 4500
005 20220817043127.0
008 971013s1986 r 00010 d
010 _a66344
011 _a67316
035 _a76786
082 0 4 _a631.4
_bF32 v.59
110 _aFAO
245 1 0 _aReunión du sous - Comité ouest et centre africain de correlation des sols pour le mise en valeur des terres
_c/by FAO
260 _aRome :
_bFAO,
_c1986.
300 _a191 p.
490 0 _aFAO. Informes sobre recursos mundiales de suelos
_v; 59
590 _aBATCH-UPD
_b10
_c20130110
_lUCH01
_h1850
590 _aBATCH-UPD
_b10
_c20130410
_lUCH01
_h1220
590 _aBATCH-UPD
_b10
_c20130914
_lUCH01
_h1353
590 _aCONVERSION
_b10
_c20130109
_lUCH01
_h1337
650 1 4 _aSuelos
_zAfrica.
_9110516
650 1 4 _aTierras
_xEvaluación.
_9113113
830 0 _aFAO. Informes sobre recursos mundiales de suelos
_v; 59
_939597
901 _aBK
999 _c66344
_d66344